000 00790nam a2200265 i 4500
003 DO-SdBNP
005 20260430085427.0
007 ta
008 260430b1987 dr ||||| |||| 00| 0 spa d
040 _aDO-SdBNP
_bspa
_cBNPHU
_erda
041 _aspa
082 4 _axxx
_bC355b
_222
100 _aCastro, Tomás,
_d1959-
_eautor
_4aut.
_924641
245 1 0 _aBodas de tinta /
_cTomás Castro
250 _aprimera edición
264 4 _aSanto Domingo :
_bEditora Mambrú,
_c©1987.
300 _a51 páginas ;
_c21 cm.
336 _atexto
_btxt
_2rdacontent
337 _asin mediación
_bn
_2rdamedia
338 _avolumen
_bnc
_2rdacarrier
500 _aIncluye datos biográficos del autor en la contracubierta
590 _aInventariado, 2026/BT
910 _aBtavárez
942 _2ddc
_cLF2
999 _c60639
_d60639